| 000 | 00384nam a2200169Ia 4500 | ||
|---|---|---|---|
| 003 | Ost | ||
| 005 | 20260225132600.0 | ||
| 008 | 260225s9999||||xx |||||||||||||| ||und|| | ||
| 020 | _a2110027738 | ||
| 040 | _cfsic | ||
| 041 | _afre | ||
| 082 | _a70.4 | ||
| 100 |
_aserge regourd _eAuteur |
||
| 245 | 0 | _ala télévision des européens / | |
| 245 | 0 | _cserge regourd | |
| 942 | _cكتاب | ||
| 999 |
_c34740 _d34740 |
||